Přirozený jazyk v informačních systémech

Bibliographic Details
Main Author: Kraus, Jiří, 1935-2022 (Author)
Format: Book
Language:Czech
PhysicalDescription:44 s. 8°
Published: Praha Ústředí vědeckých, technických a ekonomických informací, 1974
Series:Metodické letáky
Subjects:

MARC

LEADER 00000cam a2200000 a 4500
001 vtls001300450
003 SK-MaSNL
005 20260301113730.0
008 210928s1974 xr 00000 cze
035 |a SNK000252445 
040 |a SNK  |b slo  |c SNK  |e AACR2 
041 0 |a cze 
044 |a xr  |c CZ 
080 |a 811.9:001.102  |2 1981 
080 |a (048.8)  |2 1981 
100 1 |a Kraus, Jiří,  |d 1935-2022  |4 aut  |9 230106 
245 1 0 |a Přirozený jazyk v informačních systémech  |c Jiří Kraus 
260 |a Praha  |b Ústředí vědeckých, technických a ekonomických informací,  |c 1974 
300 |a 44 s.  |c 8° 
490 1 |a Metodické letáky  |v sv. 104 
650 0 7 |a informačné jazyky  |2 SNKPH  |9 1919 
650 0 7 |a prorodzené jazyky  |2 SNKPH  |9 456265 
655 7 |a štúdie  |2 SNKPH  |9 57033 
830 0 |a Metodické letáky  |9 322219 
852 |a Slovenská národná knižnica 
958 |a OND 
999 |c 715519  |d 717449 
952 |t P60, <04>, [BOOK], {604}  |a SNK  |b SNK  |y VYP  |7 0  |p 17A0070724  |o snkIC 58706 D3  |i snkK 2972/74  |0 0  |1 0  |4 0  |d 1997-08-26  |l 0  |r 2005-01-02 00:00:00  |w 2026-02-23